| 000 | 01650nam a2200421 ia4500 | ||
|---|---|---|---|
| 003 | OSt | ||
| 005 | 20200826110131.0 | ||
| 008 | 200810t19582013cc a j 000 1 chi d | ||
| 020 |
_cRM398.00 _qset |
||
| 020 |
_qpaperback _a9787530758182 _cRM19.90 |
||
| 040 |
_aPPAK _beng _cPPAK _erda |
||
| 041 | 1 |
_achi _heng |
|
| 082 | 0 | 4 |
_223 _a813.54 |
| 090 | 0 | 0 |
_a813.54 _bCAR _dK |
| 100 | 1 |
_6880-01 _aCarlson, Natalie Savage, _eauthor. |
|
| 245 | 1 | 0 |
_6880-02 _aQiao xia yi jia ren = The family under the bridge / _cNatali Saweiqi Ka'ersen zhu ; Gaisi Weilianmusi hui ; Wang Zongwen yi. |
| 246 | 3 | 3 |
_iTranslation of: _aThe family under the bridge |
| 250 | _aDi 1 ban | ||
| 264 | 1 |
_aTianjin Shi : _bXin lei chu ban she, _c2013 |
|
| 264 | 4 | _c©1958 | |
| 300 |
_a143 pages : _billustrations ; _c21 cm |
||
| 336 |
_2rdacontent _atext |
||
| 337 |
_2rdamedia _aunmediated |
||
| 338 |
_2rdacarrier _avolume |
||
| 490 | 1 | _aGuo ji da jiang xiao shuo. Zhu yin ban | |
| 500 | _a"日本学校图书馆协议会选定图书"--Cover. | ||
| 546 | _aParallel text in Chinese and Hanyu Pinyin. | ||
| 650 | 1 | 0 |
_aChildren's stories, Chinese _vTranslations from English |
| 650 | 2 | 0 | _aChinese fiction |
| 650 | 2 | 0 |
_aTramps _vJuvenile fiction |
| 650 | 2 | 0 |
_aParis (France) _vJuvenile fiction |
| 700 | 1 |
_aWilliams, Garth, _eillustrator. |
|
| 700 | 1 |
_aWang, Zongwen, _etranslator. |
|
| 830 | 0 | _aGuo ji da jiang xiao shuo. Zhu yin ban | |
| 880 | 1 |
_6100-01 _a卡尔森, 纳塔莉·萨维奇, _eauthor. |
|
| 880 | 1 | 0 |
_6245-02 _a桥下一家人 = The family under the bridge / _c纳塔莉·萨维奇·卡尔森著 ; 盖斯·威廉姆斯绘 ; 王宗文译. |
| 942 |
_2ddc _cB |
||
| 999 |
_c178702 _d178701 |
||